| 000 | 00470nam a2200157 a 4500 | ||
|---|---|---|---|
| 001 | 000024681 | ||
| 005 | 20200930023316.0 | ||
| 008 | 110202s1970 fr r 000 0 spa d | ||
| 040 |
_aDO-SdBNP _bspa _cBNPHU |
||
| 082 |
_axxxxx _bS844a |
||
| 100 | 1 |
_aStevens, R. A. _950607 |
|
| 245 | 1 | 4 |
_aLes activités scientifiques extrascolaires pour Jeunes Gens / _cR. A. Stevens. |
| 260 |
_aParís : _bUnesco, _c1970. |
||
| 300 |
_a139 p. ; _c20 cm. |
||
| 590 | _aInventariado, 2019/BT | ||
| 999 |
_c24174 _d24174 |
||